000 00643nam a2200181 i 4500
001 38270
003 ES-MaACL
005 20230906155728.0
007 t|
008 030225s1970 sp ||||1| spa d
100 1 _aCaldera, Rafael.
_933585
245 1 0 _aIdeario
_b: la democracia cristiana en América Latina /
_cRafael Caldera ; prólogo de Alceu Amoroso Lima ; selección, introducción y notas por Rafael Tomás Caldera.
260 _aBarcelona :
_bAriel,
_c[1970]
300 _aXVIII, 308 p. ;
_c19 cm.
700 1 _aAmoroso Lima, Alceu de.
_921326
700 1 _aTomás Caldera, Rafael.
_9110511
852 _aES-MaACL
_jC-39972
_bR.75389
999 _c38270
_d38270